Complex Analysis / (Record no. 594303)

000 -LEADER
fixed length control field 00721nam a22001817a 4500
003 - CONTROL NUMBER IDENTIFIER
control field NUST
005 - DATE AND TIME OF LATEST TRANSACTION
control field 20240604122700.0
020 ## - INTERNATIONAL STANDARD BOOK NUMBER
International Standard Book Number 9789384323127
082 ## - DEWEY DECIMAL CLASSIFICATION NUMBER
Classification number 515.98,ZIL
100 ## - MAIN ENTRY--PERSONAL NAME
Personal name Zill, Dennis G
9 (RLIN) 1266
245 ## - TITLE STATEMENT
Title Complex Analysis /
Statement of responsibility, etc. Dennis G. Zill, Patrick D. Shanahan
250 ## - EDITION STATEMENT
Edition statement 3rd Edition
260 ## - PUBLICATION, DISTRIBUTION, ETC.
Place of publication, distribution, etc. India
Name of publisher, distributor, etc. Jones and Bartlett
Date of publication, distribution, etc. 2016
300 ## - PHYSICAL DESCRIPTION
Extent xv, 425 p
505 ## - FORMATTED CONTENTS NOTE
Formatted contents note Complex Numbers and the Complex Plane (Page-2), Complex Functions and Mappings (Page-46), Analytic Functions (Page-102), Elementary Functions (Page-150), Integration in the Complex Plane (Page-200), Series and Residues (Page-258), Conformal Mappings (Page-334).
650 ## - SUBJECT ADDED ENTRY--TOPICAL TERM
Topical term or geographic name entry element Functions of complex variables
942 ## - ADDED ENTRY ELEMENTS (KOHA)
Source of classification or shelving scheme
Koha item type Book
Holdings
Withdrawn status Lost status Source of classification or shelving scheme Damaged status Not for loan Permanent Location Current Location Shelving location Date acquired Total Checkouts Full call number Barcode Checked out Date last seen Date last checked out Price effective from Koha item type Public note
          Military College of Signals (MCS) Military College of Signals (MCS) General Stacks 03/27/2023 1 515.98,ZIL MCS37753 10/22/2025 06/24/2025 06/24/2025 03/27/2023 Book Almirah No.13, Shelf No.6
          Military College of Signals (MCS) Military College of Signals (MCS) General Stacks 03/22/2025 3 515.98,ZIL MCS38033 08/19/2026 04/21/2026 04/21/2026 03/22/2025 Book Almirah No.13, Shelf No.6
© 2023 Central Library, National University of Sciences and Technology. All Rights Reserved.